000
00333nam a2200121Ia 4500
008
171211s9999 xx 000 0 und d
020
_a
9789746522595
100
_a
Harmening, Denise M.
245
_a
Modern Blood Banking & Transfusion Practices
250
_a
6th Edition
260
_b
F.A. Davis Company
_c
2012
300
_a
648 pages
999
_c
350906
_d
350906